Pro-patria : (Registro nro. 14423)

Detalles MARC
000 -LIDER
fixed length control field 01455nam a2200301 a 4500
001 - NÚMERO DE CONTROL
Identificador de número de control 000028813
003 - IDENTIFICACDOR DE NÚMERO DE CONTROL
control field DO-SdBNP
005 - DATE AND TIME OF LATEST TRANSACTION
control field 20230714132316.0
008 - ELEMENTOS DE LONGITUD FIJA
fixed length control field 100212s2010 dr 001 0 spa d
020 ## - ISBN
International Standard Book Number 9789945163162
040 ## - FUENTE DE CATALOGACIÓN
Agencia que crea de manera original el registro DO-SdBNP
Idioma de catalogación spa
Agencia que realiza la transcripción BPMSU
082 #4 - NÚMERO DE CLASIFICACIÓN DECIMAL DE DEWEY
Classification number 972.93053
Item number M516p 2010
Edition number 22
100 1# - ASIENTO PRINCIPAL -- NOMBRE PERSONAL
Nombre personal Mejía-Ricart Guzmán, Octavio,
Fechas asociadas con el nombre 1931-1959
245 10 - MENCIÓN DE TITULO
Título Pro-patria :
Subtítulo aportes políticos de un héroe de junio del 1959 /
Mención de responsabilidad Octavio Mejía-Ricart Guzmán; proemio Tirso Mejía-Ricart.
250 ## - MENCIÓN DE EDICION
Mención de edición 2a. ed.
260 ## - PUBLICACIÓN, DISTRIBUCIÓN, ETC. (PIE DE IMPRENTA)
Lugar de publicación, distribución, etc Santo Domingo :
Nombre del editor, distribuidor, etc. Fundación Mejía-Ricart-Guzmán Boom,
Fecha de publicación, distribución, etc 2009.
300 ## - DESCRIPCIÓN FÍSICA
Extensión 108 p. ;
Dimensiones 22 cm.
505 0# - NOTA DE CONTENIDO
Información miscelánea Proemio /
Mención de responsabilidad Tirso Mejía-Ricart --
Título Testamento emocional --
-- La evolución dominicana y su redención como pueblo --
-- Acción revolucionaria Pro-Patria Dominicana: declaración de principios y programa general de la revolución dominicana.
590 ## - NOTA LOCAL
Texto de la nota local Inventariado, 2023/VM
650 #4 - ENCABEZAMIENTO DE MATERIA--TEMÁTICO
Término temático o nombre geográfico como elemento de entrada Pensamiento político y social
Subdivisión temática general Ensayos, conferencias, etc.
651 #4 - ENCABEZAMIENTO DE MATERIA--NOMBRE GEOGRÁFICO
Nombre geográfico República Dominicana
Subdivisión temática general Historia
Subdivisión cronológica Era de Trujillo, 1930-1961
651 #4 - ENCABEZAMIENTO DE MATERIA--NOMBRE GEOGRÁFICO
Nombre geográfico República Dominicana
Subdivisión temática general Política Y Gobierno
-- Ensayos, Conferencias, Etc.
651 #4 - ENCABEZAMIENTO DE MATERIA--NOMBRE GEOGRÁFICO
Nombre geográfico República Dominicana
Subdivisión cronológica Invasión, 1959-
Subdivisión temática general Historia
700 1# - ASIENTO SECUNDARIO -- NOMBRE PERSONAL
Nombre personal Mejía-Ricart G., Tirso,
Fechas asociadas con el nombre 1936-2021
Forma completa del nombre (Mejía-Ricart Guzmán)
Mención de responsabilidad pról.
710 2# - ASIENTO SECUNDARIO -- NOMBRE CORPORATIVO
Nombre corporativo o de jurisdicción Fundación Mejía Ricart-Guzmán Boom (República Dominicana)
910 ## - VALIDACIÓN
Validación VMateo V. Control de calidad (BPMSU)
942 ## - ADDED ENTRY ELEMENTS (KOHA)
Source of classification or shelving scheme Dewey Decimal Classification
Koha item type Libros
Existencias
Withdrawn status Lost status Source of classification or shelving scheme Damaged status Not for loan Collection code Home library Current library Date acquired Total Checkouts Full call number Barcode Date last seen Price effective from Koha item type
    Dewey Decimal Classification     Colección Dominicana Biblioteca Pública Metropolitana Salomé Ureña Biblioteca Pública Metropolitana Salomé Ureña 07/14/2023   BPMSU CD 972.93053 M516p 2010 BPMSU23070035 07/14/2023 07/14/2023 Libros